Legal protection againts discriminatory tax legislation
Đã lưu trong:
| 格式: | 圖書 |
|---|---|
| 語言: | Undetermined |
| 出版: |
H.
|
| 主題: | |
| 標簽: |
添加標簽
沒有標簽, 成為第一個標記此記錄!
|
| Thư viện lưu trữ: | Trung tâm Học liệu Trường Đại học Cần Thơ |
|---|
| LEADER | 00372nam a2200133Ia 4500 | ||
|---|---|---|---|
| 001 | CTU_152986 | ||
| 008 | 210402s9999 xx 000 0 und d | ||
| 020 | |c 94.13 | ||
| 082 | |a 346.07 | ||
| 082 | |b L496 | ||
| 245 | 0 | |a Legal protection againts discriminatory tax legislation | |
| 260 | |a H. | ||
| 650 | |a hfdjg,dgghfdh | ||
| 980 | |a Trung tâm Học liệu Trường Đại học Cần Thơ | ||